003170000a22001210004500060000800000082001700008100001900025245005600044260005200100260000900152300000800161650002600169 a100 a632. 93 PAN aNiranjan Panda aPrinciples of host plant resistance to insect pests aDelhi, Hindustan publishing corporation (India) c1979 a382 aHost plant resistance